000 00399nam a22001697a 4500
005 20180801153518.0
008 160622b xxu||||| |||| 00| 0 eng d
020 _a81-203-2283-5
041 _aeng
082 _b9154
_a658.3
100 _aStephen, P and robbins
_94680
245 _aOrganizational Behaviour
260 _bPHI
_adelhi
300 _a633p,
650 _aManagement
_9241
942 _cBK
999 _c3518
_d3517